| 000 | 00411nam a2200121 a 4500 | ||
|---|---|---|---|
| 001 | 000046115 | ||
| 005 | 20201002052640.0 | ||
| 008 | 150624s1976 dr 000 0 spa d | ||
| 040 |
_aDO-SdBNP _bspa _cBNPHU |
||
| 245 | 0 | 0 |
_aUnión dominicana para la defensa de los derechos humanos : _bfundada el 2 de agosto de 1975 Santo Domingo. |
| 260 |
_aSanto Domingo : _bCultura Dominicana, _c1976. |
||
| 300 |
_a32 p. ; _c21 cm. |
||
| 999 |
_c45604 _d45604 |
||